Todos os jogadores brasileiros da Premier League de todos os tempos - Statistics

Estatísticas Gerais
  • Esse quiz foi jogado 85 vezes
  • A pontuação média é 45 de 125
Estatísticas das Respostas
# Ano Equipe(s) Jogador % Correto
276 2013–22 Manchester City Fernandinho
94%
229 2016– Manchester City, Arsenal Gabriel Jesus
94%
243 2017– Watford, Everton, Tottenham Richarlison
94%
229 2018– Liverpool Alisson Becker
93%
264 2017– Manchester City Ederson
93%
48 2008–11 Manchester City, Everton
93%
327 2013-21, 2022– Chelsea, Arsenal, Fulham Willian
93%
256 2015–23 Liverpool Roberto Firmino
91%
161 2019– Arsenal Gabriel Martinelli
88%
213 2011-14, 2016-21 Chelsea, Arsenal David Luiz
87%
193 2012-18, 2021-24 Liverpool, Aston Villa Philippe Coutinho
86%
124 2021– Newcastle United Bruno Guimarães
81%
33 2024– Wolves André
80%
160 2020– Arsenal Gabriel Magalhães
78%
131 2012–17 Chelsea Oscar
78%
151 2018–23 Liverpool Fabinho
74%
8 2024– Brentford Igor Thiago
74%
92 2022– West Ham Lucas Paquetá
74%
113 2020–24 Chelsea Thiago Silva
72%
175 2019–24 Aston Villa Douglas Luiz
71%
77 2022– Manchester United Casemiro
70%
81 2022– Wolves João Gomes
70%
89 2019–20, 2021–22, 2023– Watford, Brighton João Pedro
70%
185 2019– Newcastle United Joelinton
68%
170 2002–08 Arsenal Gilberto Silva
67%
159 2010–16 Chelsea Ramires
65%
34 | 50 2022– Nottingham Forest Danilo
64%
247 2007–17 Liverpool Lucas Leiva
62%
82 2022– Wolves Matheus Cunha
62%
62 2022– Manchester United Antony
61%
152 2017–23 Tottenham Lucas Moura
61%
65 2020–22 Leeds United Raphinha
58%
148 2014-16, 2018-20, 2022- Manchester United, Fulham Andreas Pereira
55%
68 2023– Nottingham Forest Murillo
54%
41 2008–10 Manchester City Robinho
54%
86 2007–12 Chelsea Alex
52%
40 2022– Aston Villa Diego Carlos
52%
29 2024– Manchester City Savinho
51%
7 2007–09 Tottenham Gilberto
49%
63 2018–21 West Ham Felipe Anderson
48%
45 2013–15 Tottenham Paulinho
48%
109 2008–15 Manchester United Rafael
48%
105 2007–15 Manchester United Anderson
45%
139 2018–23 Manchester United Fred
45%
37 2023– Brighton Igor Julio
45%
5 2004–05 Bolton Wanderers Julio César
45%
80 2009–14, 2016–17 Manchester United, QPR, Cardiff City, Middlesbrough Fábio
43%
62 2007–09 Manchester City Elano
42%
64 2014–17 Manchester City Fernando
41%
5 2022–23 Nottingham Forest Gustavo Scarpa
41%
24 2012–13 QPR Julio César
41%
32 1996–97 Middlesbrough Emerson
39%
23 2022–24 Nottingham Forest Felipe
39%
195 2008-11, 2015-18 Tottenham, Watford Heurelho Gomes
39%
15 2014–15 Chelsea Filipe Luís
38%
125 1995–97, 1999–2000, 2002–04 Middlesbrough Juninho Paulista
36%
61 2022–25 Bournemouth Neto
36%
1 2006–07 Everton Anderson Silva
33%
1 2023–24 Nottingham Forest Andrey Santos
32%
79 2021–24 Tottenham Emerson Royal
32%
33 2020–21 West Bromwich Albion Matheus Pereira
29%
79 2000–05 Arsenal Edu
28%
31 2024– Bournemouth Evanilson
28%
30 2020–22 Manchester United Alex Telles
26%
4 2002–03 Everton Juliano Rodrigo
25%
20 2003–05 Manchester United Kléberson
25%
2 2015–16 Chelsea Alexandre Pato
23%
52 2020–22 Everton Allan
23%
73 2018–21 Everton Bernard
23%
53 2020–21, 2022–24 Tottenham, Fulham Carlos Vinícius
23%
57 2023– Fulham Rodrigo Muniz
23%
23 2011–12 Arsenal André Santos
22%
96 2006–11 Arsenal Denilson
22%
54 2007–10 Chelsea Juliano Belletti
20%
9 2012–13 Manchester City Maicon
20%
110 2010–16 Tottenham, QPR, West Bromwich Albion Sandro
20%
14 2023– Crystal Palace Matheus França
19%
87 2006–11 Liverpool Fábio Aurélio
17%
1 2022–23 Arsenal Marquinhos
17%
28 2022–23 Nottingham Forest Renan Lodi
17%
32 2023–24 Burnley Vitinho
17%
46 2014–17 Arsenal Gabriel Paulista
16%
31 2020–22 Wolves Marçal
16%
1 2024– Manchester City Vitor Reis
16%
42 2007–09 Middlesbrough Afonso Alves
14%
4 2011–12 Liverpool Doni
14%
24 2006–07 Arsenal Julio Baptista
14%
65 1999–2001, 2009–10 Arsenal, Manchester City Sylvinho
14%
55 2015–19, 2021–22 Chelsea, Watford, Newcastle United Kenedy
13%
36 2021–23 Southampton Lyanco
13%
1 2008–09 Chelsea Mineiro
13%
26 2024– Nottingham Forest Morato
12%
3 2024– Wolves Pedro Lima
12%
36 2023–24 Sheffield United Vinicius Souza
12%
1 2012–13 Chelsea Lucas Piazón
10%
10 2024–25 Southampton Welington
10%
25 2019–22 Aston Villa Wesley
10%
2 2023–24 Chelsea Deivid Washington
9%
12 2024– West Ham Luis Guilherme
9%
5 2003–04 Leeds United Roque Júnior
9%
13 2022–23 Leicester City Tetê
9%
3 2024– Brentford Gustavo Nunes
7%
8 2014–15 West Ham Nenê
7%
39 2018–21 Brighton Bernardo
6%
68 2005–08 Middlesbrough Fábio Rochemback
6%
1 2021–22 Manchester City Kayky
6%
17 2020–21 Wolves Willian José
6%
79 2007–10 Manchester City, Hull City Geovanni
4%
7 2003–04 Bolton Wanderers Mario Jardel
4%
9 1995–97 Middlesbrough Branco
3%
79 2002–06 Middlesbrough Doriva
3%
1 2008–09 Manchester City Gláuber
3%
25 2007–09 Newcastle United Caçapa
1%
152 1997–2004 Sheffield Wednesday, Chelsea, Sunderland, Bolton Wanderers Emerson Thome
1%
11 2009–10 West Ham Ilan Araujo
1%
12 1995–97 Coventry City Isaías
1%
1 2011–12 QPR Bruno Perone
0%
6 2006–07 Watford Douglas Rinaldi
0%
11 2016–17 Hull City Evandro
0%
5 1999–2000 Newcastle United Fumaca
0%
27 2012–14 Southampton Guly do Prado
0%
7 2018–19 Wolves Léo Bonatini
0%
15 2007–08 Birmingham City Rafael Schmitz
0%
19 2021–22 Watford Samir
0%
Nenhum quiz correspondente encontrado
Distribuição das Pontuações
Porcentagem de Pessoas com Cada Pontuação
Percentil de Números Respondidos
Sua Pontuação Histórica
Você não jogou esse quiz